[Event "AUTO-MASTER-2671"]
[Site "http://www.queenalice.com/game.php?id=1507187"]
[Date "2017.12.8"]
[Round "1"]
[White "pdebonis"]
[Black "Shrimp"]
[Result "1-0"]
[WhiteElo "2329"]
[BlackElo "2105"]

1. d4 d5 2. c4 dxc4 3. Nf3 e6 4. e3 b5 5. a4 Bd7 6. axb5 Bxb5 7. Bd2 Nc6 8. Nc3
a6 9. b3 a5 10. Nxb5 cxb3 11. Rc1 Nge7 12. Qxb3 Rb8 13. Qa4 f6 14. Na7 Kf7 15.
Nxc6 Nxc6 16. Qxc6 Bb4 17. Bd3 Qe7 18. d5 Rhc8 19. dxe6+ Kf8 20. Bxh7 1-0

[Event "AUTO-MASTER-2671"]
[Site "http://www.queenalice.com/game.php?id=1507188"]
[Date "2017.12.8"]
[Round "1"]
[White "Shrimp"]
[Black "pdebonis"]
[Result "0-1"]
[WhiteElo "2100"]
[BlackElo "2364"]

1. c4 c5 2. a3 e5 3. b4 cxb4 4. axb4 Bxb4 5. Ba3 Bxa3 6. Rxa3 Nf6 7. e3 O-O 8.
Nc3 d5 9. Qb3 d4 10. Nd5 Na6 11. Nf3 Nc5 12. Qb5 Qd6 13. Nxf6+ gxf6 14. Be2 d3
15. Bd1 Be6 16. O-O Rfc8 17. Qb4 Ne4 18. Qxd6 Nxd6 19. Ne1 Nxc4 20. Ra1 Nxd2 21.
Nxd3 Nxf1 22. Kxf1 Bc4 23. Be2 a5 24. Rb1 a4 25. Nb2 Bxe2+ 26. Kxe2 Rc2+ 0-1

[Event "AUTO-MASTER-2598"]
[Site "http://www.queenalice.com/game.php?id=1520378"]
[Date "2018.3.20"]
[Round "2"]
[White "CCapivara"]
[Black "Shrimp"]
[Result "1-0"]
[WhiteElo "2226"]
[BlackElo "2109"]

1. e4 d6 2. d4 a6 3. c4 Nf6 4. Nc3 Bg4 5. f3 Bh5 6. Bd3 e5 7. Nge2 exd4 8. Nxd4
c5 9. Nf5 Bg6 10. Bg5 Bxf5 11. exf5 Be7 12. O-O O-O 13. Re1 Nc6 14. Qe2 Re8 15.
Bxf6 Bxf6 16. Qxe8+ Qxe8 17. Rxe8+ Rxe8 18. Nd5 Bxb2 19. Rb1 Bd4+ 20. Kf1 Ne5
21. Be2 Rb8 22. a4 f6 23. f4 Nd7 24. Nb6 Nf8 25. Bf3 Bc3 26. Nd5 Ba5 27. Ne7+
Kf7 28. Nc6 Ra8 29. Bd5+ 1-0

[Event "AUTO-MASTER-2598"]
[Site "http://www.queenalice.com/game.php?id=1520379"]
[Date "2018.3.20"]
[Round "2"]
[White "Shrimp"]
[Black "CCapivara"]
[Result "0-1"]
[WhiteElo "2117"]
[BlackElo "2265"]

1. c4 e5 2. a3 f5 3. d3 Nf6 4. Nc3 d6 5. Nf3 Be7 6. g3 O-O 7. Bg2 c6 8. b4 Kh8
9. O-O Be6 10. Ng5 Bg8 11. Bh3 f4 12. Be6 Qe8 13. Bxg8 Kxg8 14. Ne6 Qh5 15. Nxf8
Qh3 16. f3 fxg3 17. hxg3 Qxg3+ 18. Kh1 Bxf8 19. Qe1 Qh3+ 20. Kg1 Nbd7 21. Rf2 a5
22. Bg5 Be7 23. Rh2 Qf5 24. Qg3 d5 25. b5 Bc5+ 26. Kg2 Bd4 27. e4 dxe4 28. dxe4
Qe6 0-1

[Event "AUTO-MASTER-2598"]
[Site "http://www.queenalice.com/game.php?id=1520382"]
[Date "2018.3.20"]
[Round "2"]
[White "goldenboy"]
[Black "Shrimp"]
[Result "1-0"]
[WhiteElo "2006"]
[BlackElo "2107"]

1. e4 c5 2. f4 e6 3. Nf3 a6 4. d4 d5 5. exd5 exd5 6. Nc3 Nc6 7. dxc5 Nf6 8. Be3
Qe7 9. Qe2 Bg4 10. O-O-O Rd8 11. Bd4 Nxd4 12. Rxd4 Qxe2 13. Bxe2 Bxc5 14. Rdd1
O-O 15. h3 Bxf3 16. Bxf3 Be3+ 17. Kb1 d4 18. Ne4 Nd5 19. f5 b5 20. g4 1-0

[Event "AUTO-MASTER-2598"]
[Site "http://www.queenalice.com/game.php?id=1520383"]
[Date "2018.3.20"]
[Round "2"]
[White "Shrimp"]
[Black "goldenboy"]
[Result "0-1"]
[WhiteElo "2089"]
[BlackElo "2026"]

1. c4 e5 2. a3 f5 3. d3 Nc6 4. Nc3 Nf6 5. Bg5 Be7 6. Nf3 d6 7. Qa4 Bd7 8. b4 Nd4
9. b5 Nxf3+ 10. exf3 a6 11. Qb3 O-O 12. c5+ Kh8 13. bxa6 bxa6 14. Be2 dxc5 15.
Bxf6 Bxf6 16. O-O Rb8 17. Qc4 Rb2 18. Qxa6 e4 19. dxe4 Bxc3 20. Rfd1 Rb6 21. Qc4
Bxa1 22. Rxa1 fxe4 23. fxe4 Qf6 0-1

[Event "AUTO-MASTER-2598"]
[Site "http://www.queenalice.com/game.php?id=1520384"]
[Date "2018.3.20"]
[Round "2"]
[White "andrevillares"]
[Black "Shrimp"]
[Result "0-1"]
[WhiteElo "1793"]
[BlackElo "2104"]

1. d4 c6 2. c4 g6 3. Nc3 Bg7 4. e4 e5 5. Nf3 exd4 6. Nxd4 Qf6 7. Be3 Ne7 8. Be2
d6 9. O-O O-O 10. Qd2 Be6 11. Rad1 Na6 12. Nxe6 Qxe6 0-1

[Event "AUTO-MASTER-2598"]
[Site "http://www.queenalice.com/game.php?id=1520385"]
[Date "2018.3.20"]
[Round "2"]
[White "Shrimp"]
[Black "andrevillares"]
[Result "1-0"]
[WhiteElo "2101"]
[BlackElo "1797"]

1. c4 Nf6 2. Nc3 d5 3. e3 Bf5 4. Qf3 c6 5. cxd5 cxd5 6. Qxf5 e6 7. Qc2 Nc6 8.
Bb5 Bd6 9. Nf3 O-O 10. b3 Nb4 11. Qb2 a6 12. Be2 e5 13. a3 1-0

[Event "AUTO-OPEN-4125"]
[Site "http://www.queenalice.com/game.php?id=1595214"]
[Date "2020.1.5"]
[Round "1"]
[White "josebaron"]
[Black "Shrimp"]
[Result "1-0"]
[WhiteElo "1967"]
[BlackElo "2073"]

1. e4 e6 2. Nf3 a6 3. d4 h6 4. c4 d5 5. cxd5 exd5 6. exd5 Qxd5 7. Be2 Bb4+ 8.
Nc3 Ne7 9. O-O Qc6 10. Ne5 Qb6 11. a3 Bxc3 12. bxc3 O-O 13. a4 Ng6 14. a5 Qf6
15. Nxg6 Qxg6 16. Bf3 Nc6 17. Bxc6 Qxc6 18. Ba3 Rd8 19. Bb4 Qg6 20. Qf3 c6 21.
Bc5 Rd5 22. Rfe1 Be6 23. Re5 Rxe5 24. dxe5 Bd5 25. Qg3 Qe4 26. Bd4 Re8 27. f3
Qc2 28. e6 f6 29. Bxf6 Qh7 30. e7 Kf7 31. Bd4 Rxe7 32. Qf4+ Ke8 33. Qb8+ Kf7 34.
Bc5 Rd7 35. Qf8+ Kg6 36. g4 Qg8 37. Qf5# 1-0

[Event "AUTO-OPEN-4125"]
[Site "http://www.queenalice.com/game.php?id=1595215"]
[Date "2020.1.5"]
[Round "1"]
[White "Shrimp"]
[Black "josebaron"]
[Result "1/2-1/2"]
[WhiteElo "2076"]
[BlackElo "2009"]

1. c4 e5 2. a3 Nf6 3. Nc3 Be7 4. e4 c5 5. Nf3 d6 6. b4 cxb4 7. axb4 O-O 8. h3 a6
9. d4 exd4 10. Nxd4 Nc6 11. b5 Nxd4 12. Qxd4 Be6 13. Bd3 axb5 14. Nxb5 Rxa1 15.
Qxa1 Nd7 16. O-O Nc5 17. Rd1 Nxd3 18. Rxd3 Bxc4 19. Rg3 Bf6 20. Bb2 Bxb2 21.
Qxb2 f6 22. Nd4 b5 23. Nf5 g6 24. Qd2 d5 25. Qh6 Rf7 26. Qh4 dxe4 27. Nh6+ Kg7
28. Nxf7 Bxf7 29. Qxe4 Qb6 30. Qe7 b4 31. Rb3 Qe6 32. Qxe6 Bxe6 33. Rxb4 h5 34.
Rb7+ Bf7 35. f4 f5 36. g4 hxg4 37. hxg4 fxg4 38. Kg2 Kf6 39. Kg3 Be6 40. Rb6 Kf5
1/2-1/2

[Event "AUTO-OPEN-4125"]
[Site "http://www.queenalice.com/game.php?id=1595236"]
[Date "2020.1.5"]
[Round "1"]
[White "Sigmund"]
[Black "Shrimp"]
[Result "0-1"]
[WhiteElo "1820"]
[BlackElo "2064"]

1. e4 c5 2. Nf3 a6 3. Nc3 Nc6 4. d4 e6 5. a3 g6 6. Bd3 cxd4 7. Ne2 e5 8. O-O h6
9. Bd2 Nf6 10. h3 Bg7 11. c4 O-O 12. Qc1 d6 13. Bxh6 Nh7 14. Bxg7 Kxg7 15. Ng3
Rg8 16. Nh2 Rh8 17. f4 Na5 18. Qd1 Qh4 19. Qf3 Nb3 20. Rad1 Nf6 21. Be2 Nc5 22.
f5 g5 23. Ng4 Bd7 24. b3 Bc6 25. Nxf6 Kxf6 26. Qg4 Nxe4 27. Nxe4+ Bxe4 28. Bf3
Bxf3 29. Rxf3 Qxg4 30. hxg4 Rh4 31. Rg3 Rah8 32. Rdd3 Rh1+ 33. Kf2 Ra1 34. a4
Ra2+ 35. Kf3 Rh1 36. Ke4 Ke7 37. Kd5 Kd7 38. c5 f6 39. cxd6 Rh4 40. Rd1 Rc2 41.
b4 b6 42. Rh3 Rc6 43. b5 Rc5+ 44. Ke4 Rxg4+ 45. Kf3 Rf4+ 46. Ke2 axb5 47. axb5
Rxb5 48. Rc1 Rc5 49. Rxc5 bxc5 50. Rh6 Rxf5 0-1

[Event "AUTO-OPEN-4125"]
[Site "http://www.queenalice.com/game.php?id=1595237"]
[Date "2020.1.5"]
[Round "1"]
[White "Shrimp"]
[Black "Sigmund"]
[Result "1-0"]
[WhiteElo "2070"]
[BlackElo "1814"]

1. c4 Nf6 2. Nc3 e5 3. a3 d5 4. e3 Nc6 5. Nf3 Bd6 6. cxd5 Ne7 7. e4 O-O 8. h3
Bd7 9. Bc4 c6 10. dxc6 Bxc6 11. d3 Ng6 12. O-O a6 13. a4 Bb4 14. Qb3 Nf4 15.
Qxb4 Nxd3 16. Bxd3 Qxd3 17. Rd1 a5 18. Qxf8+ Rxf8 19. Rxd3 Nxe4 20. Nxe5 Nc5 21.
Rg3 Re8 22. Bf4 h6 23. Nxc6 bxc6 24. Bxh6 g6 25. Rd1 Ne6 26. Ne4 Kh7 27. Nf6+
1-0

[Event "AUTO-OPEN-4125"]
[Site "http://www.queenalice.com/game.php?id=1595250"]
[Date "2020.1.5"]
[Round "1"]
[White "Shrimp"]
[Black "ricardoguevara"]
[Result "1-0"]
[WhiteElo "2070"]
[BlackElo "1493"]

1. c4 e5 2. a3 Nf6 3. Nc3 g6 4. b4 Bg7 5. Nf3 d6 6. g3 O-O 7. Bg2 Nc6 8. O-O Nd4
9. Ng5 Nf5 10. e3 Be6 11. Nxe6 Qe7 12. Nxf8 Rxf8 13. Bxb7 c5 14. Bg2 cxb4 15.
axb4 e4 16. Qc2 d5 17. cxd5 Qxb4 18. Rxa7 Qc5 19. Ra4 Nxd5 20. Ba3 Qc6 21. Bxf8
Bxf8 22. Bxe4 Nfe7 23. Rc1 Qd7 24. Bxd5 Nxd5 25. Ra8 Nxc3 26. Qxc3 Qd5 27. Qc8
Kg7 28. Qxf8+ Kf6 29. Ra6+ Kg5 30. Rc5 Qxc5 31. Qxc5+ Kh6 32. Qf8+ Kg5 33. Qxf7
h5 34. Qxg6# 1-0

[Event "AUTO-OPEN-4125"]
[Site "http://www.queenalice.com/game.php?id=1595251"]
[Date "2020.1.5"]
[Round "1"]
[White "ricardoguevara"]
[Black "Shrimp"]
[Result "0-1"]
[WhiteElo "1491"]
[BlackElo "2072"]

1. e4 c5 2. Nc3 a6 3. b3 Nc6 4. Bb2 Nf6 5. Qe2 Nd4 6. Qd3 Qa5 7. O-O-O g6 8. Nf3
Ng4 9. Ng5 Nxf2 10. Qc4 e6 11. Qa4 Qxa4 12. bxa4 Nxh1 13. g3 Nf2 14. Re1 Bh6 15.
h4 f6 16. Nh3 Nh1 17. g4 Ng3 18. g5 Bg7 19. gxf6 Bxf6 20. Nf4 Bxh4 21. e5 O-O
22. Ng2 Bg5 23. Ne3 Bxe3 24. Rxe3 Rxf1+ 25. Nd1 Nge2+ 26. Kb1 Rxd1+ 27. Bc1
Rxc1+ 28. Kb2 Rxc2+ 29. Ka3 Rxd2 30. Rxe2 Rxe2 31. a5 Rxe5 32. Kb2 g5 33. Kc3 g4
0-1

[Event "AUTO-MASTER-2920"]
[Site "http://www.queenalice.com/game.php?id=1598676"]
[Date "2020.2.7"]
[Round "1"]
[White "thw"]
[Black "Shrimp"]
[Result "1-0"]
[WhiteElo "2059"]
[BlackElo "2074"]

1. e4 c5 2. Nf3 a6 3. d4 e6 4. d5 b5 5. dxe6 fxe6 6. c4 Nc6 7. cxb5 axb5 8. Bxb5
Qa5+ 9. Nc3 Nge7 10. O-O Ba6 11. Bxa6 Rxa6 12. Bd2 g6 13. Nd5 Qd8 14. Nf6+ Kf7
15. Ng5+ Kxf6 16. Qf3+ Nf5 17. exf5 gxf5 18. Qh5 Qe7 19. Ne4+ Ke5 20. Bg5 Qg7
21. Bf6+ Qxf6 22. Nxf6 Kxf6 23. Qh4+ Kf7 24. a3 Ne5 25. Rad1 Be7 26. Qh5+ Kg7
27. Qe2 1-0

[Event "AUTO-MASTER-2920"]
[Site "http://www.queenalice.com/game.php?id=1598677"]
[Date "2020.2.7"]
[Round "1"]
[White "Shrimp"]
[Black "thw"]
[Result "0-1"]
[WhiteElo "2057"]
[BlackElo "2082"]

1. c4 c5 2. Nc3 Nc6 3. e3 e6 4. g3 g6 5. Bg2 Bg7 6. Nge2 Nge7 7. O-O O-O 8. a3
a6 9. Ne4 d6 10. N2c3 Rb8 11. b3 b5 12. Rb1 Ne5 13. d4 cxd4 14. exd4 Ng4 15.
Qxg4 f5 16. Qh4 fxe4 17. Nxe4 bxc4 18. b4 Nf5 19. Qh3 Nxd4 20. Bg5 Qd7 21. Kh1
e5 22. Qxd7 Bxd7 23. Nxd6 c3 24. Bd5+ Be6 25. Be4 Bf5 26. Bd5+ Kh8 27. Ra1 Bd3
28. Nf7+ Rxf7 29. Bxf7 Bxf1 30. Rxf1 Rc8 31. Bd5 c2 32. Bb7 Rc3 33. Bc1 Nb3 34.
Be4 Nd4 35. Re1 Nb3 36. Bb2 c1=Q 37. Bxc1 Nxc1 0-1

[Event "AUTO-MASTER-2920"]
[Site "http://www.queenalice.com/game.php?id=1598691"]
[Date "2020.2.7"]
[Round "1"]
[White "betofortaleza"]
[Black "Shrimp"]
[Result "0-1"]
[WhiteElo "1731"]
[BlackElo "2003"]

1. e4 c5 2. e5 e6 3. d3 Nc6 4. Nf3 g6 5. Bg5 Be7 6. Qd2 Nxe5 7. Bxe7 Nxf3+ 8.
gxf3 Nxe7 9. Nc3 b6 10. O-O-O Bb7 11. Bg2 O-O 12. d4 Nf5 13. dxc5 Nh4 14. Ne4
Nxg2 15. Rhg1 Nh4 16. Rg3 Bd5 17. Rh3 bxc5 18. Qh6 Bxe4 19. Rxh4 g5 20. Rxe4 Rb8
21. Rg1 f6 22. f4 Rf7 23. fxg5 fxg5 24. Rxg5+ Kh8 25. f4 Qf6 26. Qxf6+ Rxf6 27.
h4 d5 28. Ra4 Rb7 29. Re5 h6 30. Ra6 Rb6 31. Rxa7 Rxf4 32. b3 Rxh4 33. Rc7 Rh1+
34. Kb2 c4 35. Re3 d4 36. Rf3 c3+ 37. Ka3 Rg1 38. Rf6 Rg5 39. Rxh6+ Kg8 40. Ra7
Rg2 41. Rh3 Rxc2 42. Rg3+ Kf8 43. Rh3 Kg8 44. Rd7 e5 45. Rh5 Re2 46. Re7 d3 47.
Rh3 Rd6 48. Reh7 d2 49. Rh8+ Kf7 50. R3h7+ Ke6 0-1

[Event "AUTO-MASTER-2920"]
[Site "http://www.queenalice.com/game.php?id=1598692"]
[Date "2020.2.7"]
[Round "1"]
[White "Shrimp"]
[Black "elisangela"]
[Result "0-1"]
[WhiteElo "2022"]
[BlackElo "1958"]

1. c4 e6 2. a3 b6 3. Nc3 Ba6 4. e3 g6 5. Bd3 Bg7 6. Qf3 Nc6 7. b4 Ne5 8. Qe2
Nxd3+ 9. Qxd3 Ne7 10. Nf3 Bb7 11. e4 Bxc3 12. Qxc3 O-O 13. Bb2 f6 14. d3 e5 15.
Nxe5 fxe5 16. Qxe5 Kf7 17. Qg7+ Ke8 18. Qxh7 d6 19. O-O Kd7 20. Qh3+ Ke8 21. Qe6
Qd7 22. Qxd7+ Kxd7 23. Rae1 g5 24. Re3 c5 25. b5 a5 26. Rg3 Rg8 0-1

[Event "AUTO-MASTER-2920"]
[Site "http://www.queenalice.com/game.php?id=1598693"]
[Date "2020.2.7"]
[Round "1"]
[White "elisangela"]
[Black "Shrimp"]
[Result "1-0"]
[WhiteElo "1938"]
[BlackElo "2042"]

1. a3 c5 2. e3 a6 3. b4 e6 4. Bb2 Nf6 5. bxc5 Bxc5 6. Nc3 b6 7. Na4 d6 8. Nxc5
dxc5 9. Nf3 O-O 10. h3 Nc6 11. g4 Bb7 12. Bc3 b5 13. Bd3 Qd5 14. Bxf6 gxf6 15.
e4 Qd6 16. Be2 Rad8 17. c3 Ne5 18. Ra2 Bxe4 19. g5 fxg5 20. Rg1 Qd5 21. Rxg5+
Kh8 22. Rxe5 Qxa2 23. Rxe4 Qxa3 24. Ng5 Rd5 25. h4 h6 26. Nf3 f5 27. Rxe6 1-0